000 00993nam a2200217Ii 4500
003 JO-AjNU
008 230605s9999||||xx |||||||||||||| ||und||
017 _a2001/11/2406
040 _aJO-AjNU
_bara
_erda
_cJO-AjNU
041 _aara
050 1 4 _aKMM64.U3368 2002
100 3 _aتاليف العبيدي، علي هادي,
_eauthor
_946518
245 0 0 _aشرح أحكام قانون المالكين والمستأجرين في ضوء قضاء محكمة التمييز
250 _aط1
264 3 1 _aعمان: المركز القومي للنشر، 2002
300 _a241ص
_bنشر بدعم من عمادة البحث العلمي في جامعة فيلادلفيا
336 _atext
_btxt
_2rdacontent
337 _aunmediated
_bn
_2rdamedia
338 _avolume
_bnc
_2rdacarrier
650 4 _aعقود الايجار - ثوانين وتشريعات - الملكية - قوانين وتشريعات - الحقوق العينية - القانون المدني - الاردن
_946519
999 _aA20244
_c23812
_d23812